000
00244nam a2200097Ia 4500
008
230915s9999 xx 000 0 und d
050
_a
S936 .H56 1980
100
_a
HINCKLEY ALDEN D.
245
0
_a
RENEWABLE RESOURCES IN OUR FUTURE
942
_c
BK
999
_c
201647
_d
201647